000 00531cam a2200217ua 4500
001 1523
005 20260515113339.0
008 110711n ii |||gr||||Z||||||eng
040 _cMAIN
082 _a336
100 _aSachdeva, A N.,
245 1 _aPublic finance.
_cBy A N Sachdeva.
250 _a1st.
260 _aLucknow:
_bPrakashan kendra.,
_cAuthor.
300 _aii, 590 p.:
_c23 cm.
653 _aEconomics.
653 _aPublic finance.
700 1 _aAwasthi G D.,
700 1 _aPapola, Trilok Singh.,
942 _cBK
999 _c1412
_d1412